System und Geschichte der Philosophie : Vorlesungen über die Geschichte der Philosophie : Einleitung /
La presente edición crítica de las obras completas del filósofo alemán Friedrich Hegel (1770-1831), es publicada por la editorial Felix Meiner en varios volúmenes, los cuales en Biblioteca están incompletos. La introducción a la historia de la filosofía corresponde al V. 15 a.
Guardat en:
| Autor principal: | |
|---|---|
| Altres autors: | |
| Format: | Llibre |
| Idioma: | German |
| Publicat: |
Leipzig, Alemania :
Felix Meiner,
1944, c1944
|
| Col·lecció: | (Philosophischen Bibliothek ;
166) |
| Matèries: | |
| Etiquetes: |
Sense etiquetes, Sigues el primer a etiquetar aquest registre!
|
MARC
| LEADER | 00000nam^a2200000^a^4500 | ||
|---|---|---|---|
| 001 | 000315789 | ||
| 005 | 20250521000000.0 | ||
| 009 | 20260310113254.594 | ||
| 037 | |a Acervo Xavier Clavigero | ||
| 041 | |a ALE | ||
| 082 | |a 141. |b HEG OBR FEL V. 15 T. 1 | ||
| 100 | |a Hegel, Friedrich |e (autor) | ||
| 240 | 1 | 1 | |a [Sämtliche Werke von Hegel] |
| 240 | 1 | 1 | |a [System und Geschichte der Philosophie] |
| 240 | 1 | 1 | |a [Lecciones sobre la historia de la filosofía] |
| 245 | 1 | 0 | |a System und Geschichte der Philosophie : |b Vorlesungen über die Geschichte der Philosophie : Einleitung / |c F. Hegel ; ed. de J. Hoffmeister. |
| 264 | 4 | |a Leipzig, Alemania : |b Felix Meiner, |c 1944, c1944 | |
| 300 | |a XLVIII, 386 p. | ||
| 336 | |a texto |b txt |2 rdacontenido | ||
| 337 | |a sin mediación |b n |2 rdamedio | ||
| 338 | |a volumen |b nc |2 rdasoporte | ||
| 440 | 1 | |a (Philosophischen Bibliothek ; |v 166) | |
| 520 | |a La presente edición crítica de las obras completas del filósofo alemán Friedrich Hegel (1770-1831), es publicada por la editorial Felix Meiner en varios volúmenes, los cuales en Biblioteca están incompletos. La introducción a la historia de la filosofía corresponde al V. 15 a. | ||
| 520 | |a Las lecciones sobre la historia de la filosofía es una obra que no fue escrita por el propio Hegel (1770-1831), sino compuesta poco después de su muerte, a partir de sus manuscritos y de algunas notas de sus alumnos. Sin embargo, durante los años que dictó sus cursos sobre esta materia, preparó un esbozo general de la misma para el desarrollo de su clase. La presente obra reúne su planteamiento global de la historia de la filosofía. | ||
| 649 | |a XX | ||
| 650 | |a Filosofía - |x Historia y Crítica - |x Tema Principal | ||
| 650 | |a Idealismo | ||
| 650 | |a Filosofía del Siglo XIX | ||
| 650 | |a Filosofía Alemana | ||
| 700 | |a Hoffmeister, Johaness |e (edición) | ||
| 910 | |a Fondo General | ||
| 920 | |a Impresos - Libros | ||
| 930 | |a Colección General | ||
| 905 | |a 101 | ||
| 901 | |a 009228 |b IT1 |c ACC |u 20250521 | ||
| 902 | |a https://opac.biblio.iteso.mx/vufind/Record/000315789 | ||